000 01757cam a2200445 a 4500
001 15827634
003 OSt
005 20140310184356.0
008 090721s2010 nyuab j 001 0beng
010 _a 2009030213
020 _a9780531237311 (reinforced bdg.)
020 _a0531237311 (reinforced bdg.)
035 _a(OCoLC)ocn427704557
040 _aDLC
_cDLC
_dIG#
_dDLC
042 _alcac
043 _ae-uk-en
_af-tz---
050 0 0 _aQL 31.G58
_b.V465 2010
100 1 _aVenezia, Mike.
_924604
245 1 0 _aJane Goodall :
_bresearcher who champions chimps /
_cwritten and illustrated by Mike Venezia.
260 _aNew York :
_bScholastic Inc.,
_c2010.
300 _a32 p. :
_c25 cm.
_bill. col.;
490 1 _aGetting to know the world's greatest inventors & scientists
500 _aIncludes index.
521 1 _aG8
526 _c960
600 1 0 _aGoodall, Jane,
_d1934-
_vJuvenile literature.
_925556
600 1 1 _aGoodall, Jane,
_d1934-
_925557
650 0 _aPrimatologists
_zEngland
_vBiography
_vJuvenile literature.
_925558
650 0 _aWomen primatologists
_zEngland
_vBiography
_vJuvenile literature.
_925559
650 0 _aChimpanzees
_zTanzania
_zGombe Stream National Park
_vJuvenile literature.
_925560
650 1 _aPrimatologists
_zEngland.
_925561
650 1 _aWomen primatologists
_zEngland.
_925562
650 1 _aChimpanzees
_zTanzania
_zGombe Stream National Park.
_925563
800 1 _aVenezia, Mike.
_tGetting to know the world's greatest inventors & scientists.
_925564
906 _a7
_bcbc
_corignew
_d1
_eecip
_f20
_gy-gencatlg
942 _2lcc
_cBK-SCHOLAS
999 _c34007
_d34007